Thuật nói chuyện

Αποθηκεύτηκε σε:
Λεπτομέρειες βιβλιογραφικής εγγραφής
Κύριος συγγραφέας: Diệc Quân
Μορφή: Βιβλίο
Γλώσσα:Undetermined
Έκδοση: Hà Nội Văn hóa Thông tin 2005
Θέματα:
Ετικέτες: Προσθήκη ετικέτας
Δεν υπάρχουν, Καταχωρήστε ετικέτα πρώτοι!
Thư viện lưu trữ: Trung tâm Học liệu Trường Đại học Cần Thơ
LEADER 00620nam a2200193Ia 4500
001 CTU_96903
008 210402s9999 xx 000 0 und d
020 |c 48000 
082 |a 158.2 
082 |b D303 
100 |a Diệc Quân 
245 0 |a Thuật nói chuyện 
245 0 |c Diệc Quân ; Trần Thắng Minh dịch 
260 |a Hà Nội 
260 |b Văn hóa Thông tin 
260 |c 2005 
650 |a Interpersonal communication,Interpersonal relations,Psychology, applied,Public speaking,Social skills 
904 |i TRúc 
980 |a Trung tâm Học liệu Trường Đại học Cần Thơ